000 00707nam a2200217Ii 4500
003 JO-AjNU
008 230605s9999||||xx |||||||||||||| ||und||
017 _a2007/6/1902
040 _aJO-AjNU
_bara
_erda
_cJO-AjNU
041 _aara
050 1 4 _aPJ7808 2007
100 3 _aالعبادي، مخلد بركات ,
_eauthor
_957505
245 0 0 _aالنافذة الحدباء
250 _aط1
264 3 1 _aالاردن: امانة عمان الكبرى،2007
300 _a102ص
336 _atext
_btxt
_2rdacontent
337 _aunmediated
_bn
_2rdamedia
338 _avolume
_bnc
_2rdacarrier
650 4 _aقصص عربية قصيرة-العصر الحديث-النافذة الحدباء
_957506
999 _aA25775
_c29343
_d29343